Phương pháp hướng dẫn học sinh khai thác kiến thức từ sách giáo khoa địa lý 11 theo hướng tích cực trong dạy bài mới ở trên lớp ( Ban cơ bản )
Cơ sở lý luận chung của đề tài. Phương pháp hướng dẫn HS khai thác kiến thức từ SGK địa lí 11. Thực nghiệm Sư phạm.
שמור ב:
| מחבר ראשי: | |
|---|---|
| מחברים אחרים: | |
| פורמט: | ספר |
| שפה: | Vietnamese |
| יצא לאור: |
Đại học Đà Nẵng
Trường Đại học Sư phạm
2008
|
| סדרה: | Khóa luận tốt nghiệp Đại học. Chuyên ngành: Địa lý
|
| נושאים: | |
| תגים: |
הוספת תג
אין תגיות, היה/י הראשונ/ה לתייג את הרשומה!
|
| Thư viện lưu trữ: | Mạng thư viện Đại học Đà Nẵng |
|---|
| LEADER | 01567nam a2200349 4500 | ||
|---|---|---|---|
| 001 | 000011059 | ||
| 003 | 7287 | ||
| 005 | 20120201100206.0 | ||
| 008 | 120201s2008 viesd | ||
| 041 | |a vie | ||
| 072 | |a Khóa luận tốt nghiệp | ||
| 082 | |a 910 |b NG-P | ||
| 100 | 1 | |a Nguyễn, Thị Phúc | |
| 245 | 1 | |a Phương pháp hướng dẫn học sinh khai thác kiến thức từ sách giáo khoa địa lý 11 theo hướng tích cực trong dạy bài mới ở trên lớp ( Ban cơ bản ) |c Nguyễn, Thị Phúc | |
| 260 | |a Đại học Đà Nẵng |b Trường Đại học Sư phạm |c 2008 | ||
| 300 | |a 60 tr. [11 tr.] |c 29 cm | ||
| 490 | |a Khóa luận tốt nghiệp Đại học. Chuyên ngành: Địa lý | ||
| 500 | |a Tham khảo 60 tr. phụ lục [11 tr.] | ||
| 520 | |a Cơ sở lý luận chung của đề tài. Phương pháp hướng dẫn HS khai thác kiến thức từ SGK địa lí 11. Thực nghiệm Sư phạm. | ||
| 653 | |a Khóa luận tốt nghiệp Đại học | ||
| 653 | |a Khoa Địa lý | ||
| 700 | 1 | |a Đậu, Thị Hòa |c TS |e Hướng dẫn | |
| OWN | |a LSP | ||
| AVA | |a UDN50 |b LSP |d 910 NG-P |e available |t Error 5001 Not defined in file expand_doc_bib_avail. |f 1 |g 0 |h N |i 0 |k 1 | ||
| 999 | |a From the UDN01 | ||
| AVA | |a UDN50 |b LSP |d 910 NG-P |e available |t Error 5001 Not defined in file expand_doc_bib_avail. |f 1 |g 0 |h N |i 0 |k 1 | ||
| TYP | |a Monograph | ||
| TYP | |a Printed language | ||
| 980 | |a Mạng thư viện Đại học Đà Nẵng | ||